Top 100 NFL players 2023-2024 - Statistics

General Stats
  • This quiz has been taken 4,309 times
  • The average score is 67 of 100
Answer Stats
Hint Answer % Correct
1 QB Chiefs Patrick Mahomes
100%
2 QB Bengals Joe Burrow
98%
6 QB Bills Josh Allen
96%
7 WR Vikings Justin Jefferson
95%
11 TE Chiefs Travis Kelce
95%
13 WR Dolphins Tyreek Hill
95%
38 C Eagles Jason Kelce
94%
16 QB Eagles Jalen Hurts
93%
4 DT Rams Aaron Donald
92%
5 DT Chiefs Chris Jones
92%
17 RB 49ers Christian McCaffrey
91%
15 WR Raiders Davante Adams
91%
20 WR Bills Stefon Diggs
91%
28 WR Eagles A.J. Brown
90%
55 WR Lions Amon-Ra St. Brown
90%
3 ER Cowboys Micah Parsons
90%
87 CB Cowboys Trevon Diggs
90%
26 TE 49ers George Kittle
89%
10 ER 49ers Nick Bosa
89%
12 CB Jets Sauce Gardner
89%
14 ER Steelers T.J. Watt
89%
56 DT Panthers Derrick Brown
88%
34 WR Bengals Ja’Marr Chase
88%
41 QB Ravens Lamar Jackson
88%
9 ER Browns Myles Garrett
88%
32 WR Rams Cooper Kupp
87%
78 ER Chargers Joey Bosa
87%
27 QB Chargers Justin Herbert
87%
8 OT 49ers Trent Williams
87%
58 QB Jaguars Trevor Lawrence
87%
23 DT Giants Dexter Lawrence
85%
24 DT Jets Quinnen Williams
85%
53 WR Cowboys CeeDee Lamb
84%
35 RB Browns Nick Chubb
84%
22 DE Raiders Maxx Crosby
83%
49 RB Titans Derrick Henry
81%
31 CB Dolphins Jalen Ramsey
81%
62 QB Jets Aaron Rodgers
80%
29 LB 49ers Fred Warner
80%
40 RB Raiders Josh Jacobs
80%
19 CB Broncos Patrick Surtain II
80%
54 RB Giants Saquon Barkley
80%
70 QB Cowboys Dak Prescott
79%
84 WR Eagles DeVonta Smith
79%
60 WR Dolphins Jaylen Waddle
79%
85 ER Browns Za’Darius Smith
79%
18 OT Eagles Lane Johnson
78%
64 QB Dolphins Tua Tagovailoa
78%
65 RB Colts Jonathan Taylor
75%
80 QB Vikings Kirk Cousins
75%
72 TE Ravens Mark Andrews
75%
63 WR Bengals Tee Higgins
75%
89 WR Seahawks DK Metcalf
74%
88 WR Jets Garrett Wilson
72%
52 CB Packers Jaire Alexander
69%
51 S Steelers Minkah Fitzpatrick
68%
44 LB Seahawks Bobby Wagner
65%
95 WR Seahawks Tyler Lockett
65%
90 RB Cowboys Tony Pollard
64%
93 WR Saints Chris Olave
63%
25 DT Steelers Cameron Heyward
62%
67 S Chargers Derwin James
61%
98 WR Titans DeAndre Hopkins
60%
33 C Chiefs Creed Humphrey
59%
21 LT Giants Andrew Thomas
58%
83 RB Chargers Austin Ekeler
58%
77 CB Eagles Darius Slay
55%
36 OT Buccaneers Tristan Wirfs
55%
71 G Cowboys Zack Martin
55%
46 ER Bengals Trey Hendrickson
53%
61 ER Bills Von Miller
52%
37 DT Titans Jeffery Simmons
49%
59 LB Saints Demario Davis
48%
50 OT Texans Laremy Tunsil
48%
73 CB 49ers Charvarius Ward
46%
45 LB Buccaneers Lavonte David
46%
69 OT Lions Penei Sewell
46%
86 G Colts Quenton Nelson
46%
43 ER Eagles Haason Reddick
45%
75 DT Colts DeForest Buckner
44%
81 ER Patriots Matthew Judon
42%
48 DT Dolphins Christian Wilkins
41%
82 S Bills Micah Hyde
41%
92 LB 49ers Dre Greenlaw
40%
91 LB Bills Matt Milano
40%
74 S Titans Kevin Byard
39%
79 CB Cowboys Stephon Gilmore
39%
96 CB Falcons A.J. Terrell
37%
30 G Falcons Chris Lindstrom
37%
76 LB Colts Shaquille Leonard
36%
39 OG Browns Joel Bitonio
32%
68 OT Eagles Jordan Mailata
31%
42 OT Chargers Rashawn Slater
30%
97 G Chiefs Joe Thuney
29%
100 OT Packers David Bakhtiari
27%
66 ER Eagles Brandon Graham
24%
47 OT Vikings Christian Darrisaw
24%
57 ER Dolphins Jaelan Phillips
24%
94 LB Bears Tremaine Edmunds
24%
99 C Chargers Corey Linsley
18%
No matching quizzes found
Score Distribution
Percent of People with Each Score
Percentile by Number Answered
Your Score History
You have not taken this quiz